| 000 | 00000nam##2200000za#4500 |
| 001 | 9.700422 |
| 003 | CaOODSP |
| 005 | 20210625000827 |
| 007 | cr ||||||||||| |
| 008 | 150407|1978||||xxc|||||o f|0| 0 eng|d |
| 040 | |aCaOODSP|beng |
| 043 | |an-cn--- |
| 086 | 1 |aA22-87/1977E-PDF |
| 110 | 1 |aCanada.|bAgriculture Canada. |bInformation Services. |
| 245 | 10|aAgricultural and Food Products Market Development Assistance Program |h[electronic resource] |
| 260 | |aOttawa - Ontario : |bAgriculture Canada. |c1978. |
| 300 | |a14p. |
| 500 | |aIncorrect copyright date (1992) printed in this publication. |
| 500 | |aHistorical publication digitized by Agriculture and Agri-Food Canada. |
| 590 | |a15-03-Supp|b2015-03-13 |
| 690 | 07|aPlants|2gcpds |
| 690 | 07|aWild plants|2gcpds |
| 775 | 08|tProgramme d'aide au développement des marchés des produits agricoles et alimentaires |w(CaOODSP)9.644308 |
| 856 | 40|ahttp://publications.gc.ca|qPDF|s791 KB|uhttps://publications.gc.ca/collections/collection_2015/aac-aafc/A22-87-1977-eng.pdf |